| 000 | 01233cam a2200313 4500 | ||
|---|---|---|---|
| 001 | B2489 | ||
| 008 | 090401t1989 xxu||||| |||| 00| 0 eng d | ||
| 035 | _a(Sirsi) u50277 | ||
| 041 | _aeng | ||
| 050 | _a346.41043 | ||
| 245 | 4 | _aThe Blundell memorial lectures (1989)...current problems in property law. Under the auspices of the General Council of the Bar , the Law Society and the Royal Institution of Chartered Surveyors | |
| 260 |
_aLondon _bInstitution and College Conferences _c1989 |
||
| 300 | _a154p. ; 30cm. | ||
| 350 | _a0 | ||
| 490 | _aBlundell Lectures | ||
| 520 | _aPapers:-Touching and concerning/ ADAMS,J. WILLIAMSON,H. - Direct access / PRIDAY,C. EVE.J.TRUSTRAM - Are leases to be construed differently to other contracts ?/ LEWISON,K. FLECK,R. - Will the Housing Act 1988 transform the rented housing market? / MADGE,N. WILSON,J. | ||
| 650 | _aASSURED TENANCIES | ||
| 650 | _aBARRISTERS | ||
| 650 | _aCONSOLIDATED ENGLISH STORES GROUP PLC | ||
| 650 | _aCONTRACT | ||
| 650 | _aCOVENANTS | ||
| 650 | _aLEASES | ||
| 650 | _aPRIVATE SECTOR HOUSING | ||
| 650 | _aSPENCERS CASE | ||
| 650 | _aSWIFT INVESTMENTS V | ||
| 650 | _aTOUCH AND CONCERN PRINCIPLE | ||
| 942 |
_n0 _2ddc |
||
| 948 | _c04/03/1997 | ||
| 999 |
_c92686 _d92686 |
||